Controversial Approach to Wolf Management in the Czech Republic

Expanzia vlka v Českej republike a narastajúci konflikt medzi ochrancami prírody a ostatnými užívateľmi krajiny. Kľúčové problémy vyvolané konfliktom a postoje zúčastnených aktérov.

Gespeichert in:
Bibliographische Detailangaben
1. Verfasser: Lososová, Jana
Weitere Verfasser: Kouřilová, Jindřiška, Soukupová, Nikola
Format: Buchkapitel
Sprache:Englisch
Schlagworte:
Tags: Tag hinzufügen
Keine Tags, Fügen Sie das erste Tag hinzu!

MARC

LEADER 00000naa a2200000 4500
001 0272593
005 20210316100705.0
041 0 |a eng 
044 |a CZ 
245 1 0 |a Controversial Approach to Wolf Management in the Czech Republic  |c Jana Lososová, Jindřiška Kouřilová, Nikola Soukupová 
520 |a Expanzia vlka v Českej republike a narastajúci konflikt medzi ochrancami prírody a ostatnými užívateľmi krajiny. Kľúčové problémy vyvolané konfliktom a postoje zúčastnených aktérov. 
610 2 0 |a Česko 
610 2 0 |a ochrana prírody 
610 2 0 |a chov zvierat 
610 2 0 |a konflikt záujmov 
100 1 |a Lososová, Jana 
700 1 |a Kouřilová, Jindřiška 
700 1 |a Soukupová, Nikola